00729nam a2200169 a 450000100100000000500170001000800410002702000150006804000250008310000320010824501770014026001060031730000210042349000210044450000730046583000210053800003390420200930070619.0110914s1988 es 000 0 spa d a8400068491 aDO-SdBNPbspacBNPHU1 aGonzález Calleja, Eduardo13aLa hispanidad como instrumento de combate :braza e imperio en la prensa franquista durante la guerra civil española /cEduardo González Calleja, Fredes Limón Nevado. aMadrid :bConsejo Superior de Investigaciones Científicas,bCentro de Estudios Históricos,c1988. a152 p. ;c23 cm.1 aMonografíasv5 aIncluye referencias bibliográficas y notas al pie de las páginas 0aMonografíasv5